Data modeling essentials (Record no. 12502)

000 -LEADER
fixed length control field 00504nam a22001697a 4500
020 ## - INTERNATIONAL STANDARD BOOK NUMBER
International Standard Book Number 9788131203248
082 ## - DEWEY DECIMAL CLASSIFICATION NUMBER
Classification number 005.74 SIM
100 ## - MAIN ENTRY--PERSONAL NAME
Personal name Simsion, Graeme C.
245 ## - TITLE STATEMENT
Title Data modeling essentials
250 ## - EDITION STATEMENT
Edition statement 3rd ed.
260 ## - PUBLICATION, DISTRIBUTION, ETC.
Place of publication, distribution, etc. New Delhi, India
Name of publisher, distributor, etc. Morgan Kaufmann Publishers
Date of publication, distribution, etc. 2005
300 ## - PHYSICAL DESCRIPTION
Extent xxvii, 532 p.
Other physical details ill. ;
500 ## - GENERAL NOTE
General note Includes bibliographical references and index.
650 ## - SUBJECT ADDED ENTRY--TOPICAL TERM
Topical term or geographic name entry element 1. Database design. 2. Data structures (Computer science)
700 ## - ADDED ENTRY--PERSONAL NAME
Personal name Witt, Graham C.
942 ## - ADDED ENTRY ELEMENTS (KOHA)
Koha item type Book
Holdings
Withdrawn status Lost status Damaged status Not for loan Collection code Permanent Location Current Location Shelving location Date acquired Source of acquisition Cost, normal purchase price Total Checkouts Full call number Barcode Date last seen Price effective from Koha item type
          Central Library (CL) Central Library (CL) First Floor - Databases 12/27/2013 Multi-Line Books 688.88   005.74 SIM SEECS012862 01/05/2014 01/05/2014 Book
© 2023 Central Library, National University of Sciences and Technology. All Rights Reserved.